<?xml version="1.0" encoding="UTF-8"?>
<collection xmlns="http://www.loc.gov/MARC21/slim">
 <record>
  <leader>01843nam a22004095a 4500</leader>
  <controlfield tag="001">EEA.libagro006243</controlfield>
  <controlfield tag="005">20180626112824.0</controlfield>
  <controlfield tag="008">130809s1991####mx#a##########000#0#spa#d</controlfield>
  <datafield tag="020" ind1=" " ind2=" ">
   <subfield code="a">9682439310</subfield>
  </datafield>
  <datafield tag="082" ind1="0" ind2="4">
   <subfield code="a">631.44</subfield>
  </datafield>
  <datafield tag="082" ind1="0" ind2="4">
   <subfield code="a">551.305</subfield>
  </datafield>
  <datafield tag="100" ind1="1" ind2=" ">
   <subfield code="a">Buol, S. W.</subfield>
  </datafield>
  <datafield tag="245" ind1="1" ind2="0">
   <subfield code="a">Génesis y clasificación de suelos /</subfield>
   <subfield code="c">S.W. Buol, F.D. Hole, R.J. McCraken.</subfield>
  </datafield>
  <datafield tag="250" ind1=" " ind2=" ">
   <subfield code="a">2a ed.</subfield>
  </datafield>
  <datafield tag="260" ind1=" " ind2=" ">
   <subfield code="a">México :</subfield>
   <subfield code="b">Trillas,</subfield>
   <subfield code="c">1991.</subfield>
  </datafield>
  <datafield tag="300" ind1=" " ind2=" ">
   <subfield code="a">417 p. :</subfield>
   <subfield code="b">il. ;</subfield>
   <subfield code="c">23 cm.</subfield>
  </datafield>
  <datafield tag="500" ind1=" " ind2=" ">
   <subfield code="a">Traducción de: Soil genesis and classification. Incluye bibliografías e índices.</subfield>
  </datafield>
  <datafield tag="650" ind1=" " ind2="7">
   <subfield code="a">Ciencia del suelo</subfield>
   <subfield code="2">agrovoc</subfield>
  </datafield>
  <datafield tag="650" ind1=" " ind2="7">
   <subfield code="a">Clasificación de suelos</subfield>
   <subfield code="2">agrovoc</subfield>
  </datafield>
  <datafield tag="650" ind1=" " ind2="7">
   <subfield code="a">Génesis del suelo</subfield>
   <subfield code="2">agrovoc</subfield>
  </datafield>
  <datafield tag="700" ind1="1" ind2=" ">
   <subfield code="a">Hole, F.D.</subfield>
  </datafield>
  <datafield tag="700" ind1="1" ind2=" ">
   <subfield code="a">McCraken, R.J.</subfield>
  </datafield>
  <datafield tag="859" ind1=" " ind2=" ">
   <subfield code="a">AR-BbBCA</subfield>
   <subfield code="b">BIB. AGRONOMIA</subfield>
   <subfield code="h">631.44</subfield>
   <subfield code="i">B943a2</subfield>
   <subfield code="p">1999/3604</subfield>
  </datafield>
  <datafield tag="859" ind1=" " ind2=" ">
   <subfield code="a">AR-BbBCA</subfield>
   <subfield code="b">BIB. AGRONOMIA</subfield>
   <subfield code="h">631.44</subfield>
   <subfield code="i">B943a2</subfield>
   <subfield code="p">1999/3643</subfield>
   <subfield code="t">Ej.2</subfield>
  </datafield>
  <datafield tag="859" ind1=" " ind2=" ">
   <subfield code="a">AR-BbBCA</subfield>
   <subfield code="b">BIB. AGRONOMIA</subfield>
   <subfield code="h">631.44</subfield>
   <subfield code="i">B943a2</subfield>
   <subfield code="p">1999/3644</subfield>
   <subfield code="t">Ej.3</subfield>
  </datafield>
  <datafield tag="859" ind1=" " ind2=" ">
   <subfield code="a">AR-BbBCA</subfield>
   <subfield code="b">BIB. AGRONOMIA</subfield>
   <subfield code="h">631.44</subfield>
   <subfield code="i">B943a2</subfield>
   <subfield code="p">1999/3645</subfield>
   <subfield code="t">Ej.4</subfield>
  </datafield>
  <datafield tag="859" ind1=" " ind2=" ">
   <subfield code="a">AR-BbBCA</subfield>
   <subfield code="b">BIB. AGRONOMIA</subfield>
   <subfield code="h">631.44</subfield>
   <subfield code="i">B943a2</subfield>
   <subfield code="p">1999/3646</subfield>
   <subfield code="t">Ej.5</subfield>
  </datafield>
  <datafield tag="859" ind1=" " ind2=" ">
   <subfield code="a">AR-BbBCA</subfield>
   <subfield code="b">BIB. AGRONOMIA</subfield>
   <subfield code="h">631.44</subfield>
   <subfield code="i">B943a2</subfield>
   <subfield code="p">1999/3679</subfield>
   <subfield code="t">Ej.6</subfield>
  </datafield>
  <datafield tag="859" ind1=" " ind2=" ">
   <subfield code="a">AR-BbBCA</subfield>
   <subfield code="b">BIB. AGRONOMIA</subfield>
   <subfield code="h">631.44</subfield>
   <subfield code="i">B943a2</subfield>
   <subfield code="p">1999/3711</subfield>
   <subfield code="t">Ej.7</subfield>
  </datafield>
  <datafield tag="859" ind1=" " ind2=" ">
   <subfield code="a">AR-BbBCA</subfield>
   <subfield code="b">BIB. AGRONOMIA</subfield>
   <subfield code="h">631.44</subfield>
   <subfield code="i">B943a2</subfield>
   <subfield code="p">1999/3712</subfield>
   <subfield code="t">Ej.8</subfield>
  </datafield>
  <datafield tag="859" ind1=" " ind2=" ">
   <subfield code="a">AR-BbBCA</subfield>
   <subfield code="b">BIB. AGRONOMIA</subfield>
   <subfield code="h">631.44</subfield>
   <subfield code="i">B943a2</subfield>
   <subfield code="p">1999/3713</subfield>
   <subfield code="t">Ej.9</subfield>
  </datafield>
  <datafield tag="859" ind1=" " ind2=" ">
   <subfield code="a">AR-BbBCA</subfield>
   <subfield code="b">BIB. AGRONOMIA</subfield>
   <subfield code="h">631.44</subfield>
   <subfield code="i">B943a2</subfield>
   <subfield code="p">1999/3714</subfield>
   <subfield code="t">Ej.10</subfield>
  </datafield>
  <datafield tag="859" ind1=" " ind2=" ">
   <subfield code="a">AR-BbBCA</subfield>
   <subfield code="b">BIB. AGRONOMIA</subfield>
   <subfield code="h">631.44</subfield>
   <subfield code="i">B943a2</subfield>
   <subfield code="p">1999/3715</subfield>
   <subfield code="t">Ej.11</subfield>
  </datafield>
  <datafield tag="859" ind1=" " ind2=" ">
   <subfield code="a">AR-BbBCA</subfield>
   <subfield code="b">BIB. AGRONOMIA</subfield>
   <subfield code="h">631.44</subfield>
   <subfield code="i">B943a2</subfield>
   <subfield code="p">2000/3954</subfield>
   <subfield code="t">Ej.12</subfield>
  </datafield>
  <datafield tag="859" ind1=" " ind2=" ">
   <subfield code="a">AR-BbBCA</subfield>
   <subfield code="b">BIB. AGRONOMIA</subfield>
   <subfield code="h">631.44</subfield>
   <subfield code="i">B943a2</subfield>
   <subfield code="p">2000/3955</subfield>
   <subfield code="t">Ej.13</subfield>
  </datafield>
  <datafield tag="859" ind1=" " ind2=" ">
   <subfield code="a">AR-BbBCA</subfield>
   <subfield code="b">BIB. AGRONOMIA</subfield>
   <subfield code="h">631.44</subfield>
   <subfield code="i">B943a2</subfield>
   <subfield code="p">2000/3956</subfield>
   <subfield code="t">Ej.14</subfield>
  </datafield>
  <datafield tag="859" ind1=" " ind2=" ">
   <subfield code="a">AR-BbBCA</subfield>
   <subfield code="b">BIB. AGRONOMIA</subfield>
   <subfield code="h">631.44</subfield>
   <subfield code="i">B943a2</subfield>
   <subfield code="p">2000/3957</subfield>
   <subfield code="t">Ej.15</subfield>
  </datafield>
 </record>
</collection>
